Historia del Arte : Prerománico y Románico

Bibliographic Details
Main Author: Barcelona. Instituto Gallach
Format: Section = Libro
Language:Undetermined
Spanish
Published: Barcelona CAE 1997
Subjects:
LEADER 00660nam a2200229Ia 4500
008 240829s9999 xx 000 0 und d
020 |a 84-494-0314-6 
040 |a BIBLIOTECA-RUSB/ Ref 709 I59, v.4 
041 |a spa 
082 |a Ref 709 I59, v.4 
100 1 |a Barcelona. Instituto Gallach 
245 1 0 |a Historia del Arte : Prerománico y Románico 
260 |a Barcelona  |b CAE  |c 1997 
300 |a 190 p. :il. 
650 7 |a ESTUDIO HISTÓRICO Y GEOGRÁFICO DE LAS BELLAS ARTES 
650 7 |b  ARTE ROMÁNICO 
650 7 |c  ARQUITECTURA 
650 7 |d  ESCULTURA ROMÁNICA 
650 7 |e  PINTURA ROMÁNICA 
942 |c BK  |2 ddc 
991 |a TEXTO 
999 |c 6363